000
00286nam a2200109Ia 4500
005
20251222152553.0
008
251222s9999||||xx |||||||||||||| ||spa||
082
_a
985/P78/1984
100
_a
"Porras Barrenechea, Raúl"
245
0
_a
"Mito, tradición e historia del Perú"
942
_c
LIB
999
_c
26311
_d
26311